1074 1472 1319 1369 1463 1784 1807 1099 1172 1679 1732 1160 1822 1952 1380 1930 1955 1662 1875 1836 1231 1563 1404 1253 1195 1194 1035 1806 1389 1012 1594 1222 1345 1822 1914 1557 1278 1184 1783 1258 1369 1906 1808 1262 1470 1965 1217 1612 1070 1783 1091 1129 1460 1050 1750 1220 1761 1523 1839 1765 1059 1372 1917 1841 1417 1971 1964 1878 1413 1666 1237 1282 1013 1567 1590 1160 1061 1928 1516 1966 1392 1441 1036 1779 1247 1613 1330 1482 1700 1195 1381 1941 1888 1421 1636 1335 1323 1383 1095 BCNSPRNW ULIB Ver.6.0+V

เปลี่ยนเป็นภาษาไทย

Change to English
 แสดงรายละเอียดบรรณานุกรม
  กลับหน้าหลัก

Brief Record : Get Marc (ISO 2709) : E-mail record : QR code < ปิดหน้าต่าง
LEADER : 00000nam 2200000uu 4500
001    13399112777
003     ULIB
008    110907s2543||||th 000 0 tha d
050  4 LB1066^bก527ก 2543
110 1  สถาบันพระบรมราชชนก
245 10 การปฎิรูปการเรียนรู้ วันที่ 26-28 กรกฏาคม 2543 ณ โรงแรมเรดิสัน กรุงเทพฯ /^cสถาบันพระบรมราชชนก
260    นนทบุรี :^bสถาบันพระบรมราชชนก,^c2543
300    114 หน้า
650  7 การจัดการศึกษา
650  7 การเรียนการสอนบูรณาการ
945    ^p0^l0^i015818
995    ทศพร
999 ^a ทศพร
รายการนี้ยังไม่มีแท็ก
คุณยังไม่ได้ล็อกอิน คุณสามารถมีกิจกรรมร่วมกับเว็บไซต์ได้ แต่ต้องล็อกอินก่อน ::
  ล็อกอิน

รายการสื่อสารสนเทศ

ลำดับที่ ประเภท เลขเรียก/บาร์โค้ด สถานที่ สถานะ
- ไม่พบข้อมูล -

รายการใกล้เคียง
    หัวเรื่อง [การจัดการศึกษา]

BibComment


ยังไม่เคยถูกคอมเมนท์

คอมเมนท์ทรัพยากรรายการนี้
  คอมเมนท์: การปฎิรูปการเรียน..


 Copyright 2026. Bcnsprnw @Library